Manual de gestió per a empreses de productes alimentaris locals i de qualitat : Xarxa Productes de la Terra Xarxa Productes de la Terra
ISBN:
978-84-9803-468-4
Publicado:
Barcelona :
Diputació de Barcelona. Àrea de Desenvolupament Econòmic i Ocupació. Servei de Teixit Productiu ,
2011
Descripción Física:
133 p. ; 29 cm
MARC
| LEADER | 00000nam a2200000Ia 4500 | ||
|---|---|---|---|
| 001 | 23373 | ||
| 008 | 160829s2011 xx 000 0 cat d | ||
| 020 | |a 978-84-9803-468-4 | ||
| 080 | |a M-6-421 | ||
| 245 | |a Manual de gestió per a empreses de productes alimentaris locals i de qualitat : |b Xarxa Productes de la Terra | ||
| 260 | |a Barcelona : |b Diputació de Barcelona. Àrea de Desenvolupament Econòmic i Ocupació. Servei de Teixit Productiu, |c 2011 | ||
| 300 | |a 133 p. ; |c 29 cm | ||
| 490 | |a Desenvolupament econòmic. Documents de treball ; 14 | ||
| 590 | |a Bibliografia | ||
| 650 | |a Aliments |x Indústria i comerç |9 48737 | ||
| 650 | |a Productes agrícoles |x Comerç |9 48738 | ||
| 710 | |a Barcelona (Catalunya : Província). |b Servei de Teixit Productiu |9 53474 | ||
| 901 | |a Arxiu | ||
| 942 | |n 1 | ||
| 952 | |0 0 |1 0 |4 0 |6 M6421 |7 1 |9 54811 |a Arxiu |b Arxiu |d 2012-01-17 |l 0 |o M-6-421 |p 23373 |r 2016-12-01 00:00:00 |w 2016-12-01 |y ARXIU | ||
| 999 | |c 58680 |d 58680 | ||